|
|
|
|
| LEADER |
01442nam a2200325 a 4500 |
| 001 |
11971548 |
| 008 |
091112s2001 ii a b 101 0 eng d |
| 010 |
|
|
|a 00030743
|
| 020 |
|
|
|a 8170369053 (India-hb)
|
| 020 |
|
|
|a 8170369061 (India-pb)
|
| 020 |
|
|
|a 0761994351 (US-hbcloth)
|
| 020 |
|
|
|a 076199436X (US-pb)
|
| 040 |
|
|
|a DLC
|c DLC
|d DLC
|d BD-DhAAL
|
| 082 |
0 |
0 |
|a 338.09172/4
|2 21
|
| 245 |
0 |
0 |
|a Understanding business systems in developing countries /
|c edited by Gurli Jakobsen, Jens Erik Torp.
|
| 260 |
|
|
|a New Delhi ;
|a Thousand Oaks :
|b Sage Publications,
|c 2001.
|
| 300 |
|
|
|a 260 p. :
|b ill. ;
|c 23 cm.
|
| 500 |
|
|
|a Based on papers presented at an international workshop.
|
| 504 |
|
|
|a Includes bibliographical references (p. [234]-249) and indexes.
|
| 541 |
1 |
|
|e 00008460
|
| 650 |
|
0 |
|a Industrial management
|z Developing countries
|v Congresses.
|
| 650 |
|
0 |
|a Corporate culture
|z Developing countries
|v Congresses.
|
| 650 |
|
0 |
|a Business enterprises
|z Developing countries
|v Congresses.
|
| 650 |
|
0 |
|a Competition, International
|z Developing countries
|v Congresses.
|
| 650 |
|
0 |
|a Interorganizational relations
|z Developing countries
|v Congresses.
|
| 700 |
1 |
|
|a Jakobsen, Gurli.
|
| 700 |
1 |
|
|a Torp, Jens Erik.
|
| 852 |
4 |
|
|a Ayesha Abed Library
|j General Shelf
|
| 999 |
|
|
|c 10751
|d 10751
|
| 952 |
|
|
|0 0
|1 0
|4 0
|6 338_091724000000000_UND
|7 0
|9 16169
|a BRACUL
|b BRACUL
|c GEN
|d 2011-04-21
|l 0
|o 338.091724 UND
|p 3010008460
|r 2011-04-21
|t 1
|w 2011-04-21
|y BK
|x Available
|